000 00786nam a2200265Ia 4500
003 OSt
005 20220926005242.0
006 a|||||r|||| 00| 0
007 ta
008 220923b |||||||| |||| 00| 0 eng d
020 _a0761933883
037 _cGeneral Book
040 _aRTL
_cRTL
_beng
041 _2eng
_aeng
082 _aY2.2.P, P5/TD
100 _aPatel Tulsi Ed.
_9309932
245 0 _aFamily in India
_b Structure and practice
260 _a New Delhi
_bSage Publications India
_c2005
300 _a310p.
_ccm.
490 _aThemes in Indian Sociology, 6
500 _aBibliography chapterwise; Glossary P 287-294
650 _aFamily Sociology
942 _hY2.2.P, P5/TD
_cGB
_2CC
999 _c613298
_d613298